000 00400nmm a2200121Ia 4500
005 20241119151751.0
008 241119s9999||||xx |||||||||||||||||und||
245 0 _aSocial inclusion and higher education
260 _aBristol University Press
_c2012
650 _aFilm Studies ; Communication Studies ; General Science
856 _uhttps://www.jstor.org/stable/10.2307/j.ctt1t891n1
942 _cE-Book
999 _c182226
_d182226